[Event "22nd Bosna it"]
[Site "Sarajevo YUG"]
[Date "1983.04.02"]
[Round "13"]
[White "Adorjan, Andras"]
[Black "Uhlmann, Wolfgang"]
[Result "1/2-1/2"]
[WhiteElo "2530"]
[BlackElo "2505"]
[EventDate "1983.03.19"]
[PlyCount "39"]

1.e4 e6 2.d4 d5 3.Nd2 c5 4.exd5 exd5 5.Ngf3 Nc6 6.Bb5 Bd6 7.dxc5 Bxc5 8.
O-O Ne7 9.Nb3 Bd6 10.Bg5 O-O 11.Re1 a6 12.Be2 Bf5 13.Nfd4 Bg6 14.Bd3 Qc7 
15.h3 Nxd4 16.Nxd4 Nc6 17.Bxg6 hxg6 18.c3 Rfe8 19.Rxe8+ Rxe8 20.Qd2 
1/2-1/2

[Event "22nd Bosna it"]
[Site "Sarajevo YUG"]
[Date "1983.03.26"]
[Round "7"]
[White "Bistric, Faruk"]
[Black "Dizdar, Goran"]
[Result "0-1"]
[WhiteElo "2325"]
[BlackElo "2455"]
[EventDate "1983.03.19"]
[PlyCount "106"]

1.Nf3 e6 2.d4 c5 3.e4 cxd4 4.Nxd4 Nf6 5.Nc3 d6 6.g4 Nc6 7.g5 Nd7 8.Be3 Be7
9.h4 O-O 10.f4 a6 11.Qh5 Nxd4 12.Bxd4 e5 13.Be3 exf4 14.Bxf4 Qa5 15.O-O-O 
Ne5 16.Bxe5 Qxe5 17.Bc4 Qf4+ 18.Kb1 Bg4 19.Nd5 Bxh5 20.Nxf4 Bxd1 21.Rxd1 
Rac8 22.Bd5 Rc7 23.a4 g6 24.Rd3 Kg7 25.Rb3 Rb8 26.Rb6 Rd7 27.Rb3 Bd8 28.
Rf3 h6 29.Nh3 hxg5 30.Nxg5 Bf6 31.Rb3 Bxg5 32.hxg5 f6 33.gxf6+ Kxf6 34.a5 
Ke5 35.Rf3 Rg7 36.c3 Rh8 37.Kc2 Rh2+ 38.Kb3 Re2 39.Rf8 Rxe4 40.Bxe4 Kxe4 
41.Kc4 g5 42.Re8+ Kf3 43.Rf8+ Ke2 44.Re8+ Kd2 45.Re6 g4 46.Rxd6+ Kc2 47.b4
g3 48.Re6 g2 49.Re2+ Kd1 50.Rxg2 Rxg2 51.Kc5 Rg5+ 52.Kd4 Kc2 53.c4 Kb3 0-1

[Event "22nd Bosna it"]
[Site "Sarajevo YUG"]
[Date "1983.04.02"]
[Round "13"]
[White "Bistric, Faruk"]
[Black "Ivanovic, Bozidar"]
[Result "1/2-1/2"]
[WhiteElo "2325"]
[BlackElo "2480"]
[EventDate "1983.03.19"]
[PlyCount "91"]

1.Nf3 d6 2.d4 g6 3.g3 Bg7 4.Bg2 Nd7 5.O-O e5 6.dxe5 dxe5 7.e4 Ngf6 8.Qe2 
O-O 9.b3 Re8 10.Rd1 c6 11.a4 a5 12.Nbd2 b6 13.Nc4 Ba6 14.Bf1 Qc7 15.Ba3 
Bf8 16.Bxf8 Kxf8 17.Qd2 Bxc4 18.Qh6+ Kg8 19.Bxc4 Re7 20.Ng5 Nf8 21.Rd3 b5 
22.axb5 cxb5 23.Bxb5 Qxc2 24.h3 Kh8 25.Qh4 Kg7 26.Rf3 Ng8 27.Bc4 Qb2 28.
Rd1 Raa7 29.Rd8 h6 30.Nxf7 Rxf7 31.Rxf8 Kxf8 32.Qd8+ Kg7 33.Qe8 Nf6 34.
Rxf6 Kxf6 35.Qh8+ Ke7 36.Bxf7 Qb1+ 37.Kh2 Qxe4 38.Qe8+ Kd6 39.Qb8+ Rc7 40.
Qd8+ Rd7 41.Qb8+ Kc5 42.Be8 Rb7 43.Qc8+ Kb6 44.Qe6+ Kc5 45.Qc8+ Kd6 46.
Qd8+ 1/2-1/2

[Event "22nd Bosna it"]
[Site "Sarajevo YUG"]
[Date "1983.03.21"]
[Round "3"]
[White "Bistric, Faruk"]
[Black "Kelecevic, Nedeljko"]
[Result "1/2-1/2"]
[WhiteElo "2325"]
[BlackElo "2395"]
[EventDate "1983.03.19"]
[PlyCount "26"]

1.d4 Nf6 2.Nf3 e6 3.Bf4 b6 4.e3 Bb7 5.Bd3 Be7 6.h3 c5 7.O-O cxd4 8.exd4 
O-O 9.Re1 a6 10.a4 Re8 11.Bg3 d6 12.Qe2 Nbd7 13.c4 Nf8 1/2-1/2

[Event "22nd Bosna it"]
[Site "Sarajevo YUG"]
[Date "1983.03.31"]
[Round "11"]
[White "Bistric, Faruk"]
[Black "Kovacevic, Vlatko"]
[Result "1/2-1/2"]
[WhiteElo "2325"]
[BlackElo "2555"]
[EventDate "1983.03.19"]
[PlyCount "77"]

1.e4 Nf6 2.e5 Nd5 3.d4 d6 4.Nf3 Bg4 5.Be2 e6 6.O-O Be7 7.c4 Nb6 8.Nc3 O-O 
9.Be3 a5 10.Nd2 dxe5 11.dxe5 Bf5 12.Nde4 N6d7 13.f4 Na6 14.Bf3 Ndc5 15.Rf2
Qb8 16.Rd2 Rd8 17.Qe2 Rxd2 18.Qxd2 Qf8 19.Rd1 Rd8 20.Qe2 h6 21.h3 c6 22.
Kh2 Nxe4 23.Nxe4 Bxe4 24.Bxe4 Bc5 25.Bxc5 Nxc5 26.Bf3 Qe7 27.a3 a4 28.Qe3 
Rxd1 29.Bxd1 g6 30.Qd2 g5 31.Bc2 gxf4 32.Qxf4 Qg5 33.Qd4 b6 34.h4 Qe7 35.
Qg4+ Kf8 36.Qf4 Kg7 37.Qg4+ Kf8 38.Qf4 Kg7 39.Qg4+ 1/2-1/2

[Event "22nd Bosna it"]
[Site "Sarajevo YUG"]
[Date "1983.03.28"]
[Round "9"]
[White "Bistric, Faruk"]
[Black "Osmanovic, Kemal"]
[Result "1/2-1/2"]
[WhiteElo "2325"]
[BlackElo "2375"]
[EventDate "1983.03.19"]
[PlyCount "24"]

1.e4 c5 2.Nf3 d6 3.d4 cxd4 4.Nxd4 Nf6 5.Nc3 e6 6.Be2 Be7 7.O-O Nc6 8.Be3 
O-O 9.f4 Bd7 10.Qe1 Nxd4 11.Bxd4 Bc6 12.Bd3 Nd7 1/2-1/2

[Event "22nd Bosna it"]
[Site "Sarajevo YUG"]
[Date "1983.03.29"]
[Round "10"]
[White "Dizdar, Goran"]
[Black "Drasko, Milan"]
[Result "1/2-1/2"]
[WhiteElo "2455"]
[BlackElo "2330"]
[EventDate "1983.03.19"]
[PlyCount "37"]

1.Nf3 Nf6 2.g3 g6 3.b3 Bg7 4.Bb2 O-O 5.Bg2 d6 6.d4 c6 7.O-O Bg4 8.Nbd2 a5 
9.h3 Bxf3 10.Bxf3 d5 11.c4 e6 12.e3 Nbd7 13.Qc2 Qb8 14.Rab1 Rc8 15.Rfe1 
Ne8 16.e4 Nd6 17.exd5 cxd5 18.Qd3 Nf6 19.cxd5 1/2-1/2

[Event "22nd Bosna it"]
[Site "Sarajevo YUG"]
[Date "1983.03.27"]
[Round "8"]
[White "Dizdar, Goran"]
[Black "Kelecevic, Nedeljko"]
[Result "1-0"]
[WhiteElo "2455"]
[BlackElo "2395"]
[EventDate "1983.03.19"]
[PlyCount "41"]

1.Nf3 Nf6 2.d4 e6 3.e3 c5 4.Bd3 cxd4 5.exd4 b6 6.O-O Be7 7.c4 d5 8.cxd5 
Qxd5 9.Nc3 Qd8 10.Ne5 Bb7 11.Bb5+ Kf8 12.Re1 a6 13.Be2 h6 14.Bf3 Bd5 15.
Nxd5 Nxd5 16.Bh5 g6 17.Bxg6 fxg6 18.Nxg6+ Kg7 19.Nxh8 Nd7 20.Nf7 Kxf7 21.
Qh5+ 1-0

[Event "22nd Bosna it"]
[Site "Sarajevo YUG"]
[Date "1983.03.25"]
[Round "6"]
[White "Drasko, Milan"]
[Black "Kelecevic, Nedeljko"]
[Result "1/2-1/2"]
[WhiteElo "2330"]
[BlackElo "2395"]
[EventDate "1983.03.19"]
[PlyCount "27"]

1.d4 d5 2.c4 dxc4 3.Nf3 Nf6 4.e3 e6 5.Bxc4 c5 6.O-O a6 7.a4 Nc6 8.Qe2 cxd4
9.Rd1 Be7 10.exd4 O-O 11.Nc3 Nb4 12.Bg5 Bd7 13.Ne5 Rc8 14.Rac1 1/2-1/2

[Event "22nd Bosna it"]
[Site "Sarajevo YUG"]
[Date "1983.03.22"]
[Round "4"]
[White "Farago, Ivan"]
[Black "Bistric, Faruk"]
[Result "1-0"]
[WhiteElo "2505"]
[BlackElo "2325"]
[EventDate "1983.03.19"]
[PlyCount "74"]

1.d4 Nf6 2.c4 e6 3.Nf3 c5 4.d5 exd5 5.cxd5 d6 6.Nc3 g6 7.Nd2 Nbd7 8.e4 Bg7
9.Be2 O-O 10.O-O Re8 11.a4 a6 12.f4 c4 13.Kh1 Nc5 14.e5 dxe5 15.fxe5 Rxe5 
16.Nxc4 Rf5 17.Bf4 Nfe4 18.Nxe4 Nxe4 19.Qc2 Ng5 20.a5 Rxd5 21.Nb6 Bf5 22.
Qb3 Be6 23.Nxa8 Qxa8 24.Rad1 Rxd1 25.Qxd1 h6 26.Qd2 Qe8 27.Bxg5 hxg5 28.
Qxg5 Bxb2 29.Bf3 Qc8 30.h4 Kg7 31.h5 Bf5 32.Bxb7 Qe6 33.Qd2 Be5 34.Qe1 
gxh5 35.Bxa6 Bg6 36.Bb7 Qe7 37.a6 h4 1-0

[Event "22nd Bosna it"]
[Site "Sarajevo YUG"]
[Date "1983.03.28"]
[Round "9"]
[White "Farago, Ivan"]
[Black "Dizdar, Goran"]
[Result "1/2-1/2"]
[WhiteElo "2505"]
[BlackElo "2455"]
[EventDate "1983.03.19"]
[PlyCount "27"]

1.d4 Nf6 2.c4 e6 3.Nf3 d5 4.Nc3 Bb4 5.e3 O-O 6.Bd3 Nc6 7.O-O a6 8.h3 dxc4 
9.Bxc4 Qe8 10.a3 Bd6 11.e4 e5 12.Bg5 exd4 13.Bxf6 dxc3 14.Ng5 1/2-1/2

[Event "22nd Bosna it"]
[Site "Sarajevo YUG"]
[Date "1983.04.02"]
[Round "13"]
[White "Gligoric, Svetozar"]
[Black "Osmanovic, Kemal"]
[Result "1-0"]
[WhiteElo "2510"]
[BlackElo "2375"]
[EventDate "1983.03.19"]
[PlyCount "61"]

1.d4 Nf6 2.c4 e6 3.Nc3 d5 4.cxd5 exd5 5.Bg5 Nbd7 6.e3 Bb4 7.Bd3 Bxc3+ 8.
bxc3 c5 9.Ne2 Qa5 10.O-O O-O 11.a4 Re8 12.Bh4 c4 13.Bc2 Ne4 14.Qc1 Nf8 15.
f3 Nd6 16.Bg3 Qd8 17.Nf4 Qg5 18.Re1 Bf5 19.Nxd5 Bxc2 20.Nc7 Bd3 21.Bxd6 
Qg6 22.Bxf8 Rxf8 23.Nxa8 Rxa8 24.e4 h5 25.a5 Rd8 26.Qf4 Rd6 27.Ra2 Rf6 28.
Qg3 Qh6 29.h4 Rg6 30.Qe5 Re6 31.Qg5 1-0

[Event "22nd Bosna it"]
[Site "Sarajevo YUG"]
[Date "1983.03.21"]
[Round "3"]
[White "Ivanovic, Bozidar"]
[Black "Dizdar, Goran"]
[Result "1/2-1/2"]
[WhiteElo "2480"]
[BlackElo "2455"]
[EventDate "1983.03.19"]
[PlyCount "83"]

1.e4 e6 2.d4 d5 3.Nd2 c5 4.exd5 exd5 5.Bb5+ Nc6 6.Ne2 Nf6 7.O-O Be7 8.dxc5
Bxc5 9.Nb3 Bb6 10.a4 O-O 11.Bf4 Ne4 12.c3 Qh4 13.Nbd4 a6 14.Bxc6 bxc6 15.
a5 Ba7 16.f3 Nf6 17.Qd2 Bd7 18.Bg5 Qh5 19.h4 Qg6 20.Nf4 Qf5 21.Qe3 Bxd4 
22.Qxd4 c5 23.Qxc5 h6 24.Bxf6 Qxf4 25.Be7 Rfe8 26.Rfe1 Be6 27.Rad1 Rac8 
28.Qd6 Qa4 29.Qa3 Qc2 30.Bc5 Rb8 31.b4 Bd7 32.Qa1 Bc6 33.Bd4 f6 34.Rc1 Qd2
35.Qb1 Bb5 36.Red1 Qf4 37.Bf2 Re2 38.Qg6 Rbe8 39.Re1 Rxe1+ 40.Rxe1 Rxe1+ 
41.Bxe1 Qe3+ 42.Bf2 1/2-1/2

[Event "22nd Bosna it"]
[Site "Sarajevo YUG"]
[Date "1983.04.03"]
[Round "14"]
[White "Ivanovic, Bozidar"]
[Black "Kelecevic, Nedeljko"]
[Result "1-0"]
[WhiteElo "2480"]
[BlackElo "2395"]
[EventDate "1983.03.19"]
[PlyCount "41"]

1.e4 e6 2.d4 d5 3.Nd2 c5 4.exd5 Qxd5 5.Ngf3 cxd4 6.Bc4 Qd6 7.O-O Nf6 8.Nb3
Nc6 9.Nbxd4 Nxd4 10.Nxd4 a6 11.Be3 Qc7 12.Bb3 Bd6 13.Kh1 O-O 14.Qf3 e5 15.
Nf5 e4 16.Qh3 Qa5 17.g4 Nxg4 18.Nxd6 Nxf2+ 19.Rxf2 Bxh3 20.Nxf7 Qh5 21.
Nd8+ 1-0

[Event "22nd Bosna it"]
[Site "Sarajevo YUG"]
[Date "1983.03.26"]
[Round "7"]
[White "Ivanovic, Bozidar"]
[Black "Kovacevic, Vlatko"]
[Result "1-0"]
[WhiteElo "2480"]
[BlackElo "2555"]
[EventDate "1983.03.19"]
[PlyCount "83"]

1.e4 Nf6 2.Bc4 b5 3.Bb3 Bb7 4.d3 c5 5.Nf3 e6 6.e5 Ng8 7.O-O Nc6 8.c4 b4 9.
Bf4 Nge7 10.d4 cxd4 11.Nbd2 Ng6 12.Bg3 Be7 13.Ne4 O-O 14.Bc2 a5 15.Re1 Ba6
16.b3 f5 17.exf6 gxf6 18.h4 f5 19.Neg5 Bb7 20.Qd2 a4 21.Rac1 axb3 22.axb3 
Ra4 23.h5 Nh8 24.Bf4 Qe8 25.g4 h6 26.Nxe6 dxe6 27.Bxh6 fxg4 28.Ng5 Rf5 29.
Rxe6 Rxg5 30.Qxg5+ Bxg5 31.Rxe8+ Kf7 32.Rf8+ Ke7 33.Re1+ Be3 34.Rxh8 Ne5 
35.fxe3 d3 36.Rh7+ Ke6 37.Rxb7 Nf3+ 38.Kf2 Nxe1 39.Bd1 Nf3 40.Bxf3 Ra2+ 
41.Kg3 gxf3 42.Kxf3 1-0

[Event "22nd Bosna it"]
[Site "Sarajevo YUG"]
[Date "1983.03.23"]
[Round "5"]
[White "Ivanovic, Bozidar"]
[Black "Osmanovic, Kemal"]
[Result "1-0"]
[WhiteElo "2480"]
[BlackElo "2375"]
[EventDate "1983.03.19"]
[PlyCount "72"]

1.e4 c5 2.Nf3 d6 3.d4 cxd4 4.Nxd4 Nf6 5.Nc3 a6 6.Bc4 e6 7.Qe2 Be7 8.O-O 
O-O 9.a4 Nc6 10.Rd1 Qc7 11.Bb3 Bd7 12.Be3 Nxd4 13.Rxd4 b5 14.h3 Qb7 15.Bg5
Bc6 16.Re1 b4 17.Nd1 Rfd8 18.Kh2 h6 19.Bd2 a5 20.f3 Nd7 21.Be3 Nc5 22.Rd2 
Bxa4 23.Bxa4 Nxa4 24.Qf2 Nc5 25.Qg3 Kh7 26.b3 a4 27.bxa4 Nxa4 28.Nf2 Nc3 
29.f4 Ra3 30.Rd3 Ra2 31.Bd4 Bf8 32.Qg4 Nb5 33.Bf6 Rc8 34.Rg3 Ra3 35.Qxg7+ 
Bxg7 36.Rxg7+ Kh8 1-0

[Event "22nd Bosna it"]
[Site "Sarajevo YUG"]
[Date "1983.03.28"]
[Round "9"]
[White "Ivanovic, Bozidar"]
[Black "Uhlmann, Wolfgang"]
[Result "1/2-1/2"]
[WhiteElo "2480"]
[BlackElo "2505"]
[EventDate "1983.03.19"]
[PlyCount "32"]

1.e4 e6 2.d4 d5 3.Nd2 c5 4.exd5 exd5 5.Bb5+ Bd7 6.Qe2+ Be7 7.dxc5 Nf6 8.
Nb3 O-O 9.Bg5 a6 10.Bxd7 Nbxd7 11.O-O-O Rc8 12.Nh3 Nxc5 13.Nxc5 Bxc5 14.
Kb1 h6 15.Bxf6 Qxf6 16.Qg4 Rc6 1/2-1/2

[Event "22nd Bosna it"]
[Site "Sarajevo YUG"]
[Date "1983.03.26"]
[Round "7"]
[White "Kelecevic, Nedeljko"]
[Black "Gligoric, Svetozar"]
[Result "1/2-1/2"]
[WhiteElo "2395"]
[BlackElo "2510"]
[EventDate "1983.03.19"]
[PlyCount "59"]

1.d4 Nf6 2.c4 g6 3.Nc3 Bg7 4.e4 d6 5.Be2 O-O 6.Bg5 c5 7.d5 a6 8.a4 e6 9.f3
h6 10.Be3 exd5 11.cxd5 Nh7 12.Qd2 h5 13.Bd3 Nd7 14.Nge2 Ne5 15.O-O Bd7 16.
a5 Qe7 17.Rab1 f5 18.b4 fxe4 19.Nxe4 Nxd3 20.Qxd3 Bb5 21.Qd2 Nf6 22.Nxf6+ 
Bxf6 23.Rfe1 cxb4 24.Rxb4 Rfe8 25.Ng3 Qg7 26.Ne4 Rxe4 27.Rxe4 Bc3 28.Qd1 
Bxe1 29.Qxe1 Re8 30.Rxe8+ 1/2-1/2

[Event "22nd Bosna it"]
[Site "Sarajevo YUG"]
[Date "1983.03.31"]
[Round "11"]
[White "Kelecevic, Nedeljko"]
[Black "Kurajica, Bojan"]
[Result "1/2-1/2"]
[WhiteElo "2395"]
[BlackElo "2510"]
[EventDate "1983.03.19"]
[PlyCount "29"]

1.d4 d5 2.Nf3 Nf6 3.e3 e6 4.c4 c5 5.Nc3 Nc6 6.dxc5 dxc4 7.Qxd8+ Kxd8 8.
Bxc4 Bxc5 9.a3 a6 10.b4 Bd6 11.Bb2 Ke7 12.Ke2 b5 13.Bd3 Bb7 14.Rhd1 Rac8 
15.Rac1 1/2-1/2

[Event "22nd Bosna it"]
[Site "Sarajevo YUG"]
[Date "1983.04.02"]
[Round "13"]
[White "Kelecevic, Nedeljko"]
[Black "Lputian, Smbat"]
[Result "1/2-1/2"]
[WhiteElo "2395"]
[BlackElo "2495"]
[EventDate "1983.03.19"]
[PlyCount "93"]

1.d4 Nf6 2.c4 g6 3.Nc3 Bg7 4.e4 d6 5.Be2 O-O 6.Bg5 Nbd7 7.Qd2 e5 8.d5 Nc5 
9.f3 h6 10.Be3 Nh5 11.O-O-O Kh7 12.g4 Nf4 13.h4 a5 14.Nh3 a4 15.Kc2 a3 16.
b3 Na6 17.Kb1 Ng2 18.Bf2 Bd7 19.Rc1 Kg8 20.Rh2 Nf4 21.Rhh1 Nxh3 22.Rxh3 f5
23.gxf5 gxf5 24.Rg3 f4 25.Rg2 Kh7 26.Rcg1 Bf6 27.Qe1 Qe7 28.Bf1 c5 29.Nb5 
Be8 30.Rh2 Nc7 31.Nc3 Bd7 32.h5 Rg8 33.Bh3 Rxg1 34.Qxg1 Rg8 35.Rg2 Bg5 36.
Qh1 b5 37.Be1 bxc4 38.Bxd7 Qxd7 39.bxc4 Rb8+ 40.Kc2 Rb4 41.Kd3 Qc8 42.Rc2 
Rb8 43.Bd2 Na6 44.Nb5 Nb4+ 45.Bxb4 cxb4 46.Qg1 Qd7 47.Rc1 1/2-1/2

[Event "22nd Bosna it"]
[Site "Sarajevo YUG"]
[Date "1983.03.19"]
[Round "1"]
[White "Kovacevic, Vlatko"]
[Black "Dizdar, Goran"]
[Result "1-0"]
[WhiteElo "2555"]
[BlackElo "2455"]
[EventDate "1983.03.19"]
[PlyCount "141"]

1.d4 e6 2.Nf3 c5 3.e3 Nf6 4.Bd3 d5 5.O-O Nc6 6.b3 Bd6 7.Bb2 O-O 8.Nbd2 b6 
9.Ne5 Bb7 10.a3 Qc7 11.f4 Ne7 12.dxc5 bxc5 13.Ng4 Nd7 14.f5 exf5 15.Bxf5 
Nxf5 16.Rxf5 f6 17.c4 Ne5 18.Nxe5 Bxe5 19.Bxe5 fxe5 20.Qg4 d4 21.exd4 exd4
22.Re1 Rfe8 23.Ref1 Rad8 24.Qh5 g6 25.Rxc5 Qd6 26.Rg5 d3 27.Qh4 Re2 28.c5 
Qxc5+ 29.Kh1 Qe7 30.Qc4+ Kg7 31.h4 h6 32.Rg4 Bd5 33.Qc3+ Kh7 34.h5 g5 35.
Qxd3+ Kh8 36.Qg6 Qg7 37.Qxg7+ Kxg7 38.Nf3 Bxf3 39.Rxf3 Rd1+ 40.Kh2 Rdd2 
41.Rf5 Rb2 42.Rb5 Kf6 43.Rb7 Kf5 44.Rg3 Kf4 45.b4 a5 46.Rb6 axb4 47.axb4 
Kf5 48.Kh3 Re4 49.Rb5+ Ke6 50.Ra3 Rexb4 51.Ra6+ Kf7 52.Rf5+ Kg7 53.Rg6+ 
Kh7 54.Rf7+ Kh8 55.Rxh6+ Kg8 56.Rf5 Rh4+ 57.Kg3 Rb3+ 58.Rf3 Rb5 59.Ra3 Rd5
60.Rg6+ Kf7 61.Ra7+ Kf8 62.Rb6 Rd3+ 63.Kf2 Rf4+ 64.Ke2 Rd8 65.Re6 Rf7 66.
Rxf7+ Kxf7 67.Rg6 g4 68.Rxg4 Rd5 69.Rf4+ Kg7 70.g4 Kh6 71.Rf6+ 1-0

[Event "22nd Bosna it"]
[Site "Sarajevo YUG"]
[Date "1983.04.03"]
[Round "14"]
[White "Kovacevic, Vlatko"]
[Black "Drasko, Milan"]
[Result "1-0"]
[WhiteElo "2555"]
[BlackElo "2330"]
[EventDate "1983.03.19"]
[PlyCount "97"]

1.d4 e6 2.Nf3 b6 3.e4 d5 4.e5 c5 5.c3 Qd7 6.Nbd2 Ba6 7.Bxa6 Nxa6 8.O-O Ne7
9.Qe2 Nc7 10.dxc5 bxc5 11.Nb3 Ng6 12.h4 Be7 13.h5 Nf8 14.c4 h6 15.Bd2 Qa4 
16.Rfc1 Nd7 17.Na5 Nb6 18.b3 Qd7 19.Be3 O-O 20.cxd5 Ncxd5 21.Bxc5 Nf4 22.
Qe4 Nbd5 23.g3 Bxc5 24.Rxc5 f5 25.exf6 Rxf6 26.gxf4 Rxf4 27.Rxd5 Qf7 28.
Rd7 Rxe4 29.Rxf7 Kxf7 30.Nc4 Rd8 31.Rc1 Kf6 32.Nce5 Rxe5 33.Nxe5 Kxe5 34.
Rc7 a5 35.Rxg7 Rd2 36.a4 Rd3 37.Rb7 Kf4 38.Rb6 e5 39.Kg2 e4 40.Rxh6 Rxb3 
41.Re6 Rb2 42.h6 Rb7 43.Rf6+ Kg5 44.Ra6 Rf7 45.Rxa5+ Kxh6 46.Re5 Rf4 47.a5
Kg6 48.a6 Kf6 49.Ra5 1-0

[Event "22nd Bosna it"]
[Site "Sarajevo YUG"]
[Date "1983.04.01"]
[Round "12"]
[White "Kovacevic, Vlatko"]
[Black "Kelecevic, Nedeljko"]
[Result "1/2-1/2"]
[WhiteElo "2555"]
[BlackElo "2395"]
[EventDate "1983.03.19"]
[PlyCount "66"]

1.d4 e6 2.Nf3 c5 3.e3 Nf6 4.Bd3 cxd4 5.exd4 Be7 6.O-O O-O 7.b3 b6 8.Bb2 
Bb7 9.Nbd2 a6 10.c4 Re8 11.Rc1 d6 12.Re1 Nbd7 13.Qe2 Bf8 14.Qe3 Qb8 15.Ng5
Bc6 16.Qh3 h6 17.Nge4 d5 18.Nxf6+ Nxf6 19.Nf3 dxc4 20.bxc4 Bxf3 21.Qxf3 b5
22.c5 Qc7 23.h4 Rad8 24.Re5 Rd5 25.g3 Red8 26.Bf1 Qa5 27.Re3 Qc7 28.Qe2 
Rb8 29.Bg2 Rdd8 30.d5 Nxd5 31.Be5 Bd6 32.Bxd5 Bxe5 33.Bg2 Bd4 1/2-1/2

[Event "22nd Bosna it"]
[Site "Sarajevo YUG"]
[Date "1983.04.01"]
[Round "12"]
[White "Kurajica, Bojan"]
[Black "Farago, Ivan"]
[Result "1-0"]
[WhiteElo "2510"]
[BlackElo "2505"]
[EventDate "1983.03.19"]
[PlyCount "129"]

1.Nf3 Nf6 2.c4 c5 3.g3 d5 4.cxd5 Nxd5 5.Bg2 Nc6 6.d4 cxd4 7.Nxd4 Ndb4 8.
Nxc6 Qxd1+ 9.Kxd1 Nxc6 10.Bxc6+ bxc6 11.Be3 e5 12.f3 Be6 13.Ke1 Be7 14.Kf2
Rb8 15.b3 Bf6 16.Nd2 e4 17.Rac1 exf3 18.exf3 Bd5 19.Bc5 Rb7 20.Rhe1+ Kd7 
21.Ne4 Re8 22.Red1 a5 23.Be3 Ke7 24.Bc5+ Kd7 25.Ba3 Ra8 26.Rc2 Rd8 27.Nd6 
Rbb8 28.Nc4 a4 29.bxa4 Kc7 30.Ne3 Kb7 31.Nxd5 Rxd5 32.Rxd5 cxd5 33.Bb2 Ra8
34.Bxf6 gxf6 35.Rc5 Rxa4 36.Rxd5 Rxa2+ 37.Kg1 Kc7 38.Rf5 Ra6 39.Rh5 Kd7 
40.Rxh7 Ke7 41.Rh8 f5 42.h4 Ra3 43.Kf2 Kf6 44.Rg8 Ra2+ 45.Kg1 Ra1+ 46.Kg2 
Ra2+ 47.Kh3 Rf2 48.h5 Rf1 49.Kg2 Ra1 50.h6 Ra2+ 51.Kh3 Ra1 52.Kh2 Ra2+ 53.
Kh1 Ra1+ 54.Kh2 Ra2+ 55.Kh3 Ra1 56.g4 fxg4+ 57.Kh2 Ra5 58.fxg4 Ra2+ 59.Kg3
Ra3+ 60.Kf4 Rh3 61.g5+ Ke7 62.Ra8 Ke6 63.Re8+ Kd7 64.Kg4 Rh1 65.Re3 1-0

[Event "22nd Bosna it"]
[Site "Sarajevo YUG"]
[Date "1983.04.03"]
[Round "14"]
[White "Kurajica, Bojan"]
[Black "Gligoric, Svetozar"]
[Result "1/2-1/2"]
[WhiteElo "2510"]
[BlackElo "2510"]
[EventDate "1983.03.19"]
[PlyCount "79"]

1.e4 e5 2.Nf3 Nc6 3.Bb5 a6 4.Ba4 Nf6 5.O-O Be7 6.Bxc6 dxc6 7.d3 Nd7 8.Nbd2
O-O 9.Nc4 f6 10.Nh4 Nc5 11.Nf5 Bxf5 12.exf5 Re8 13.Re1 Qd5 14.Nd2 Rad8 15.
Qg4 Bf8 16.h3 Qf7 17.b3 Rd4 18.Qe2 Red8 19.g3 g6 20.Bb2 R4d5 21.Nc4 Bh6 
22.Qf3 gxf5 23.Qxf5 Qg6 24.Qf3 Ne6 25.Qg2 Nd4 26.Ne3 R5d7 27.Bxd4 Rxd4 28.
Kh2 Bxe3 29.fxe3 R4d6 30.e4 c5 31.Qf2 c6 32.a4 b5 33.axb5 axb5 34.Ra5 c4 
35.bxc4 bxc4 36.Rd5 Ra8 37.d4 Re6 38.Re2 Rae8 39.dxe5 Rxe5 40.Rxe5 1/2-1/2

[Event "22nd Bosna it"]
[Site "Sarajevo YUG"]
[Date "1983.03.22"]
[Round "4"]
[White "Kurajica, Bojan"]
[Black "Kovacevic, Vlatko"]
[Result "1/2-1/2"]
[WhiteElo "2510"]
[BlackElo "2555"]
[EventDate "1983.03.19"]
[PlyCount "32"]

1.d4 d5 2.Nf3 Bf5 3.Bf4 e6 4.e3 Bd6 5.Bxd6 cxd6 6.Bd3 Ne7 7.O-O O-O 8.Bxf5
Nxf5 9.Nbd2 Nc6 10.c3 Rc8 11.e4 dxe4 12.Nxe4 d5 13.Nc5 Nd6 14.Nd3 Nc4 15.
Qe2 Qd6 16.Rfe1 b5 1/2-1/2

[Event "22nd Bosna it"]
[Site "Sarajevo YUG"]
[Date "1983.03.19"]
[Round "1"]
[White "Kurajica, Bojan"]
[Black "Sveshnikov, Evgeny"]
[Result "1-0"]
[WhiteElo "2510"]
[BlackElo "2505"]
[EventDate "1983.03.19"]
[PlyCount "63"]

1.d4 d5 2.Nf3 Nf6 3.c4 e6 4.g3 dxc4 5.Qa4+ Nbd7 6.Bg2 a6 7.Nc3 Rb8 8.Qxc4 
b5 9.Qd3 Bb7 10.O-O c5 11.Bf4 Rc8 12.dxc5 Nxc5 13.Qxd8+ Rxd8 14.Rac1 b4 
15.Nd1 Nd5 16.Ne5 f6 17.Nc4 Nxf4 18.gxf4 Be7 19.Na5 Bxg2 20.Kxg2 Rd2 21.
Nc6 Na4 22.Kf3 Kd7 23.Ne3 Rc8 24.Nc4 Rd5 25.N6a5 Bd8 26.Nb3 Rh5 27.Ne5+ 
Rxe5 28.fxe5 Nxb2 29.Rxc8 Kxc8 30.Rc1+ Kb8 31.Nc5 a5 32.Rc2 1-0

[Event "22nd Bosna it"]
[Site "Sarajevo YUG"]
[Date "1983.03.21"]
[Round "3"]
[White "Kurajica, Bojan"]
[Black "Uhlmann, Wolfgang"]
[Result "1/2-1/2"]
[WhiteElo "2510"]
[BlackElo "2505"]
[EventDate "1983.03.19"]
[PlyCount "21"]

1.d4 Nf6 2.Nf3 g6 3.g3 Bg7 4.Bg2 O-O 5.O-O d5 6.c4 c6 7.Nbd2 Bf5 8.e3 Nbd7
9.Qe2 Qa5 10.Ne5 Nxe5 11.dxe5 1/2-1/2

[Event "22nd Bosna it"]
[Site "Sarajevo YUG"]
[Date "1983.03.19"]
[Round "1"]
[White "Lputian, Smbat"]
[Black "Gligoric, Svetozar"]
[Result "0-1"]
[WhiteElo "2495"]
[BlackElo "2510"]
[EventDate "1983.03.19"]
[PlyCount "72"]

1.d4 Nf6 2.c4 e6 3.Nc3 Bb4 4.Qc2 c5 5.dxc5 O-O 6.a3 Bxc5 7.Nf3 Nc6 8.Bg5 
Nd4 9.Qd3 Nxf3+ 10.Qxf3 Be7 11.O-O-O d5 12.e3 Bd7 13.cxd5 Nxd5 14.Bxe7 
Qxe7 15.Nxd5 exd5 16.Kb1 Rac8 17.Rd4 Be6 18.Bd3 Rc6 19.h4 Rfc8 20.Qh5 h6 
21.g4 Rb6 22.Ka2 Bd7 23.g5 Qe5 24.Re1 Ba4 25.f4 Bb3+ 26.Kb1 Qc7 27.Qe2 Rc6
28.Qd2 a5 29.a4 Bc2+ 30.Ka2 Qb6 31.Bb5 Rc5 32.gxh6 Qxh6 33.Qxa5 Qxh4 34.
Qb4 Be4 35.Red1 Bc2 36.Re1 Rxb5 0-1

[Event "22nd Bosna it"]
[Site "Sarajevo YUG"]
[Date "1983.03.27"]
[Round "8"]
[White "Lputian, Smbat"]
[Black "Ivanovic, Bozidar"]
[Result "1-0"]
[WhiteElo "2495"]
[BlackElo "2480"]
[EventDate "1983.03.19"]
[PlyCount "81"]

1.d4 c5 2.e3 Nf6 3.Nf3 g6 4.c4 Bg7 5.Nc3 O-O 6.Be2 cxd4 7.exd4 d5 8.O-O 
Nc6 9.h3 Bf5 10.Bf4 dxc4 11.Bxc4 Rc8 12.Rc1 Nd7 13.g4 Nxd4 14.Bd5 e5 15.
Bxb7 Rc4 16.Be3 Be6 17.Ng5 Rb4 18.Nxe6 fxe6 19.Bg2 Rxb2 20.Qa4 a5 21.Rb1 
Rxb1 22.Rxb1 h5 23.g5 Nc5 24.Qc4 Nd3 25.h4 Nf4 26.Be4 Qc8 27.Qxc8 Rxc8 28.
Nb5 Nf5 29.Bxf5 exf5 30.Nd6 Rd8 31.Nc4 Ne2+ 32.Kf1 Nc3 33.Rb6 f4 34.Bd2 
Ne4 35.Bxa5 Rd4 36.Rc6 f3 37.Ke1 Nxg5 38.hxg5 h4 39.Nd2 e4 40.Bc3 Rd5 41.
Rxg6 1-0

[Event "22nd Bosna it"]
[Site "Sarajevo YUG"]
[Date "1983.03.23"]
[Round "5"]
[White "Lputian, Smbat"]
[Black "Kurajica, Bojan"]
[Result "1/2-1/2"]
[WhiteElo "2495"]
[BlackElo "2510"]
[EventDate "1983.03.19"]
[PlyCount "52"]

1.d4 Nf6 2.c4 e6 3.Nf3 Bb4+ 4.Bd2 Bxd2+ 5.Qxd2 O-O 6.Nc3 d5 7.e3 Qe7 8.
cxd5 exd5 9.Bd3 b6 10.O-O Bb7 11.Rac1 c5 12.Ne5 Nbd7 13.f4 a6 14.Bf5 c4 
15.Na4 Rab8 16.Rf3 g6 17.Bxd7 Nxd7 18.Qc2 Nxe5 19.fxe5 f6 20.exf6 Rxf6 21.
Rxf6 Qxf6 22.Rf1 Qe7 23.Qf2 Bc6 24.Qf4 Re8 25.Nxb6 Qa7 26.Rf3 c3 1/2-1/2

[Event "22nd Bosna it"]
[Site "Sarajevo YUG"]
[Date "1983.03.21"]
[Round "3"]
[White "Lputian, Smbat"]
[Black "Sveshnikov, Evgeny"]
[Result "0-1"]
[WhiteElo "2495"]
[BlackElo "2505"]
[EventDate "1983.03.19"]
[PlyCount "72"]

1.d4 d5 2.c4 e6 3.Nc3 c6 4.Nf3 Nf6 5.Bg5 h6 6.Bxf6 Qxf6 7.e3 Nd7 8.cxd5 
exd5 9.Bd3 Bd6 10.O-O O-O 11.Re1 Qd8 12.Rb1 Nf6 13.Qc2 Re8 14.Nd2 Re7 15.
b4 Bd7 16.Na4 Be8 17.Nc5 Qb8 18.h3 a5 19.b5 b6 20.bxc6 Bxc6 21.Na4 Qe8 22.
Nc3 Bb4 23.Qb2 Rc8 24.Rbc1 Rec7 25.a3 Bd6 26.Ba6 Ra8 27.Bd3 Rac8 28.Ra1 
Bd7 29.Nb5 Bxb5 30.Bxb5 Qe7 31.Bd3 Rc3 32.Bf5 R8c7 33.Qxb6 g6 34.Bg4 Rc2 
35.Nf1 Nxg4 36.hxg4 Qf6 0-1

[Event "22nd Bosna it"]
[Site "Sarajevo YUG"]
[Date "1983.03.26"]
[Round "7"]
[White "Lputian, Smbat"]
[Black "Uhlmann, Wolfgang"]
[Result "1-0"]
[WhiteElo "2495"]
[BlackElo "2505"]
[EventDate "1983.03.19"]
[PlyCount "81"]

1.d4 Nf6 2.c4 g6 3.Nc3 Bg7 4.e4 d6 5.Be2 O-O 6.Bg5 h6 7.Be3 e5 8.d5 c6 9.
h4 cxd5 10.cxd5 Nbd7 11.Qd2 h5 12.f3 a6 13.Nh3 b5 14.Nf2 Nh7 15.Nd3 f5 16.
Nb4 Qe8 17.Nc6 Nhf6 18.Bd3 Nb8 19.Na5 fxe4 20.Nxe4 Nxe4 21.Bxe4 Bf5 22.Qb4
Bxe4 23.fxe4 Nd7 24.Qxd6 Nf6 25.Qb4 Ng4 26.Bc5 Rf4 27.O-O-O Bf8 28.d6 Qd7 
29.Rhf1 Rxf1 30.Rxf1 Kg7 31.Kb1 Nf6 32.Qd2 Re8 33.Qd3 Re6 34.Rd1 Ne8 35.
Nb7 Nf6 36.Bb4 Re8 37.Nc5 Qg4 38.Qf3 Ra8 39.Qxg4 hxg4 40.d7 Bxc5 41.Bxc5 
1-0